The market or the public domain? global governance and the asymmetry of power /

Bibliographic Details
Main Author: Drache, Daniel, 1941-
Corporate Author: ProQuest (Firm)
Format: Electronic eBook
Language:English
Published: London ; New York : Routledge, 2001.
Series:Innis centenary series.
Subjects:
Online Access:Click to View
LEADER 01648nam a2200481 a 4500
001 EBC242326
003 MiAaPQ
005 20200520144314.0
006 m o d |
007 cr cn|||||||||
008 010730s2001 enka sb 001 0 eng
015 |a GBA1-43716 
016 7 |a 0415254698  |2 Uk 
020 |z 0415254698 
020 |z 0415254701(pbk.) 
035 |a (MiAaPQ)EBC242326 
035 |a (Au-PeEL)EBL242326 
035 |a (CaPaEBR)ebr5001270 
035 |a (CaONFJC)MIL11175 
035 |a (OCoLC)935227676 
040 |a MiAaPQ  |c MiAaPQ  |d MiAaPQ 
050 4 |a HF1411  |b .M354 2001 
082 0 4 |a 338.9  |2 21 
100 1 |a Drache, Daniel,  |d 1941- 
245 1 4 |a The market or the public domain?  |h [electronic resource] :  |b global governance and the asymmetry of power /  |c edited by Daniel Drache. 
260 |a London ;  |a New York :  |b Routledge,  |c 2001. 
300 |a xiv, 394 p. :  |b ill. 
490 1 |a Innis centenary series 
504 |a Includes bibliographical references and index. 
533 |a Electronic reproduction. Ann Arbor, MI : ProQuest, 2015. Available via World Wide Web. Access may be limited to ProQuest affiliated libraries. 
610 2 0 |a World Trade Organization. 
650 0 |a Commercial policy. 
650 0 |a Democracy. 
650 0 |a Industrial policy. 
650 0 |a Capitalism. 
650 0 |a Free trade. 
650 0 |a International trade. 
650 0 |a Commercial law. 
650 0 |a International law. 
655 4 |a Electronic books. 
710 2 |a ProQuest (Firm) 
830 0 |a Innis centenary series. 
856 4 0 |u https://ebookcentral.proquest.com/lib/matrademy/detail.action?docID=242326  |z Click to View